| 000 | 00740nab a2200157 4500 | ||
|---|---|---|---|
| 003 | ES-SlBCS | ||
| 005 | 20210327231242.0 | ||
| 008 | 160907s2015 bl ||||| |||| 00| 0 por d | ||
| 040 |
_aES-SlBCS _bspa |
||
| 100 | 1 |
_aDias da Silva, Roberto Rafael _9411208 |
|
| 245 | 1 | 0 |
_aEducaçao, governamentalidade e neoliberalismo _b: contribuiçoes foucaultianas para o estudo das políticas de currículo _cRoberto Rafael Dias da Silva |
| 246 | 1 | 1 |
_aEducation, goverbability, and neoliberalism _b: Foucauldian contributions to the study of curriculum policies |
| 600 | 1 | 0 |
_aFoucault, Michel _d, 1926-1984 _xCrítica e interpretación _9123894 |
| 773 | 0 |
_gVol. 29, Nº 57, 2015, págs. 199-223 _tEducaçao e Filosofia _wRev1534 _x0102-6801 |
|
| 942 |
_2lcc _cAR |
||
| 999 |
_c858473 _d858473 |
||